| 000 | 01396nam0a2200361 4500 | ||
|---|---|---|---|
| 001 | RU\NLR\bibl\1111584 | ||
| 005 | 20260406134014.0 | ||
| 010 |
_a5-94563-346-1 _bВ пер. _98000 |
||
| 021 |
_aRU _b2007-39324 _92104 |
||
| 021 |
_aRU _b2008-25722 _91413 |
||
| 035 | _a(NLR Aleph) 001098621 | ||
| 035 | _a(nilc)RSL-KNO-003129527 | ||
| 090 |
_a1163908 _c1163908 |
||
| 100 | _a20070618d2007 |||y0rusy50 ca | ||
| 101 | 0 | _arus | |
| 102 | _aRU | ||
| 105 | _aa ||||||||| | ||
| 200 | 1 |
_aРассказы о животных _e[для младшего школьного возраста] _fБорис Житков _gхудож. А. Шахгелдян |
|
| 210 |
_aМосква _cСтрекоза-Пресс _d2007 |
||
| 215 |
_a77, [2] с. _cцв. ил. _d22 |
||
| 225 | 1 | _aБиблиотека школьника | |
| 610 | 0 | _aДетская литература | |
| 686 |
_aШ9(2)6=Р70-49 _2rubbk |
||
| 686 | _aШ9(2)60=Р7-4 | ||
| 700 | 1 |
_4070 _8rus _7ca _aЖитков _bБ. С. _f1882-1938 _gБорис Степанович _3RU\NLR\auth\772100 _9112117 |
|
| 702 | 1 |
_4040 _8rus _7ca _aШахгелдян _bА. А. _cхудожник _f1958-2008 _gАлександр Араратович _3RU\NLR\auth\7752512 _935445 |
|
| 801 | 0 |
_aRU _bРКП _c20070618 _grcr |
|
| 801 | 1 |
_aRU _bРГБ _c20070618 |
|
| 801 | 2 |
_aRU _bNLR _c20070720 _grcr |
|
| 942 | _cBOOK | ||
| 980 | _aNB | ||